000 00596nam a2200217 i 4500
001 38901
003 ES-MaACL
005 20260525062926.0
007 t|
008 030226s1956 sp ||||1| spa d
100 1 _aCamba, Julio,
_d1882-1962
_934020
245 1 0 _aLondres /
_cJulio Camba.
250 _a6ª ed.
260 _a[Madrid] :
_bEspasa-Calpe,
_c[1956]
300 _a181 p. ;
_c18 cm.
490 1 _aColección austral ;
_v22
651 4 _aLondres-
_xDescripción.
_9165378
830 0 _aColección austral
_v22
_9177655
852 _aES-MaACL
_jC-10756
_bR.38969
999 _c38901
_d38901